Teach Yourself VRML 2 In 21 Days (Record no. 301314)

MARC details
000 -LEADER
fixed length control field 00422nam a2200157Ia 4500
008 - FIXED-LENGTH DATA ELEMENTS--GENERAL INFORMATION
fixed length control field 230718s9999 xx 000 0 und d
041 ## - LANGUAGE CODE
Language code of text/sound track or separate title eng
082 ## - DEWEY DECIMAL CLASSIFICATION NUMBER
Classification number 005.678
Item number MAR
100 ## - MAIN ENTRY--PERSONAL NAME
Personal name Marrin C.
245 ## - TITLE STATEMENT
Title Teach Yourself VRML 2 In 21 Days
260 ## - PUBLICATION, DISTRIBUTION, ETC. (IMPRINT)
Date of publication, distribution, etc. 2001
Name of publisher, distributor, etc. Technical
300 ## - PHYSICAL DESCRIPTION
Extent 479
Accompanying material [OBSOLETE, CAN/MARC] Ref 793 C (12513)
365 ## - TRADE PRICE
Currency code Rs.
Price amount 210.00
700 ## - ADDED ENTRY--PERSONAL NAME
Personal name Marrin C. & Champbell B.
906 ## - LOCAL DATA ELEMENT F, LDF (RLIN)
d B:105810-Mar-2001
c COMP
b 31.5
Holdings
Withdrawn status Lost status Damaged status Not for loan Home library Current library Date acquired Vendor Budget Code Cost, normal purchase price Bill number Full call number Barcode Date last seen Discount Cost, replacement price Bill Date Koha item type Original Barcode
Withdrawn       Cummins College of Engineering for Women Pune Cummins College of Engineering for Women Pune 14/03/2001 MBS COMP 178.50 1058 005.678 CCEP-BK-12520 18/07/2023 31.5 210.00 10/03/2001 Books 012520